000
00325 a2200145 4500
001
156071
040
_c
Escola São Tomás de Aquino
100
_a
SILVEIRA, Bueno
240
1
0
_a
Silveira Bueno
_l
por
245
1
0
_a
Silveira Bueno
362
0
_a
2016
440
1
_a
FTD
697
_a
Dicionário de português
942
_c
MATP
999
_c
156071
_d
156071